Monographies regionales. 3. serie, Maroc.

Bibliographic Details
Corporate Author: International Geological Congress Algiers
Format: Conference Proceeding
Language:French
Published: Rabat, [publisher not identified] ; 1952-
Subjects:

MARC

Tag First Indicator Second Indicator Subfields
LEADER 00000cas a2200000 4500
001 in00000099339
005 20150926125600.0
008 800403c19529999mr uu m 1uuub0fre d
010 |a  57030257  
035 |a (OCoLC)06161993 
035 |9 AAL3760AM 
040 |a TXA  |c TXA  |d UtOrBLW 
049 |a TXAE  |d [  |v = no.]  |v 1-2 [262446]  |v 3-4 [262447]  |v 5-6 [262448] 
090 |a QE1  |b .I6 1952u 
111 2 |a International Geological Congress  |n (19th :  |d 1952 :  |c Algiers) 
245 1 0 |a Monographies regionales.  |n 3. serie,  |p Maroc. 
264 1 |a Rabat,  |b [publisher not identified] ;  |c 1952- 
300 |a  numbers :  |b illustrations, maps. 
336 |a text  |b txt  |2 rdacontent 
337 |a unmediated  |b n  |2 rdamedia 
338 |a volume  |b nc  |2 rdacarrier 
362 0 |a no. 1- 
650 0 |a Geology  |v Congresses. 
999 |a MARS 
999 f f |s 2ba07981-042f-3773-8697-de0175bd8de3  |i 5c13b8c0-d3e8-3a46-ae02-1b516ace252f  |t 0 
952 f f |p normal  |a Texas A&M University  |b College Station  |c Sterling C. Evans Library  |d Evans: Library Stacks  |t 0  |e QE1 .I6 1952u  |h Library of Congress classification  |i unmediated -- volume  |k no.1-2  |m A14806731494 
998 f f |a QE1 .I6 1952u  |s no.1-2  |t 0  |l Evans: Library Stacks